Normal view MARC view

Entry Topical Term

Number of records used in: 7

001 - CONTROL NUMBER

  • control field: 9295

003 - CONTROL NUMBER IDENTIFIER

  • control field: OSt

005 - DATE AND TIME OF LATEST TRANSACTION

  • control field: 20240312190516.0

008 - FIXED-LENGTH DATA ELEMENTS

  • fixed length control field: 240312|| aca||aabn | a|a d

040 ## - CATALOGING SOURCE

  • Original cataloging agency: OSt
  • Transcribing agency: OSt

150 ## - HEADING--TOPICAL TERM

  • Topical term or geographic name entry element: Work-life balance

670 ## - SOURCE DATA FOUND

  • Source citation: Work cat.: (OSt): Canalis, Dexter G., author 9294, Work-Life Balance of HTI Employees: Basis for Developing Strategies for Employees Productivity /, 2022